000 01058nam a2200337 a 4500
001 3957002
003 Nust
005 20220223140028.0
008 940223s1993 ii ab b 001 0 eng
010 _a 93908520
020 _a9780143031062
025 _aI-E-72771
038 _aArshad
040 _aDLC
_cDLC
042 _alcode
043 _aa-ii---
050 0 0 _aDS486.D3
_bD27 1993
082 0 0 _a954.56052
_bDAL
100 1 _aDalrymple, William.
_989436
245 1 0 _aCity of Djinns :
_ba year of Delhi /
_cWilliam Dalrymple ; illustrations by Olivia Fraser.
260 _aNew Delhi :
_bIndus :
_bHarperCollins Publishers,
_c1993.
300 _a350 p. :
_c24 cm.
500 _aMap on lining papers.
504 _aIncludes bibliographical references (p. 344-347) and index.
563 _aPBK
651 0 _aDelhi (India)
_xDescription and travel.
_989437
651 0 _aDelhi (India)
_xSocial life and customs.
_989438
906 _a7
_bcbc
_corigode
_d3
_encip
_f19
_gy-gencatlg
942 _2ddc
_cBK
999 _c174542
_d174542